|
|
|
|
| LEADER |
00569nam a22001457a 4500 |
| 082 |
|
|
|a 664 LUL/17
|
| 084 |
|
|
|b CUAFMFT016
|
| 100 |
|
|
|a Lulu Varghese
|
| 245 |
|
|
|a Nutritious noodles using banana flaour supplimented with jackfruit seed powder
|c Lulu Varghese
|
| 260 |
|
|
|a Thrissur
|b Kerala Agricultural University
|c 2017
|
| 300 |
|
|
|a 57p.
|
| 653 |
|
|
|a Food Science and Technology
|
| 942 |
|
|
|2 ddc
|c PD
|k 664
|
| 999 |
|
|
|c 282803
|d 282803
|
| 952 |
|
|
|0 0
|1 0
|4 0
|6 664_000000000000000_LUL_17
|7 0
|9 320575
|a SHS
|b SHS
|c ST1
|d 2017-12-08
|i NB1109
|l 0
|o 664 LUL/17
|p SHSNB1109
|r 2017-12-11
|w 2017-12-11
|y PD
|z FST343
|